| 000 | 00362nam a2200145Ia 4500 | ||
|---|---|---|---|
| 008 | 191201s2009 xx 000 0 und d | ||
| 082 |
_a621.380414 _bRAO |
||
| 100 | _aRAMASWAMY, Rajiv | ||
| 245 | 0 | _aOptical Networks: A Practical Perspective | |
| 250 | _aRep. | ||
| 260 |
_aN.Delhi _bElsevier _c2009 |
||
| 300 | _a831 | ||
| 650 | _aB.Tech(ECE) | ||
| 942 |
_2ddc _cBK |
||
| 999 |
_c3974 _d3974 |
||